Indian politics in transition : (Record no. 123741)

MARC details
000 -LEADER
fixed length control field 00782nam a22002297a 4500
005 - DATE AND TIME OF LATEST TRANSACTION
control field 20170124105929.0
010 ## - LIBRARY OF CONGRESS CONTROL NUMBER
LC control number A-702339
020 ## - INTERNATIONAL STANDARD BOOK NUMBER
Terms of availability 00.00
International Standard Book Number 8171006577
035 ## - SYSTEM CONTROL NUMBER
System control number A-702339
037 ## - SOURCE OF ACQUISITION
Source of stock number/acquisition Cen Lib/Ret
040 ## - CATALOGING SOURCE
Original cataloging agency DPL
Language of cataloging EN
082 ## - DEWEY DECIMAL CLASSIFICATION NUMBER
Classification number 320.954
Item number SAX
100 ## - MAIN ENTRY--PERSONAL NAME
Personal name Saxena, Rekha
9 (RLIN) 7888
245 ## - TITLE STATEMENT
Title Indian politics in transition :
Statement of responsibility, etc by Rekha Saxena
Remainder of title from dominance to chaos /
260 ## - PUBLICATION, DISTRIBUTION, ETC. (IMPRINT)
Place of publication, distribution, etc New Delhi
Name of publisher, distributor, etc Deep & Deep Publications
Date of publication, distribution, etc 1994
270 ## - ADDRESS
City New Delhi
Address F-159, rajouri garden
Postal code 110027
300 ## - PHYSICAL DESCRIPTION
Extent xiii, 359
Dimensions 21cm(Hb)
500 ## - GENERAL NOTE
General note Includes bibliographical references and index
650 ## - SUBJECT ADDED ENTRY--TOPICAL TERM
Topical term or geographic name as entry element Political parties -- India -- History
9 (RLIN) 73877
650 ## - SUBJECT ADDED ENTRY--TOPICAL TERM
Topical term or geographic name as entry element India -- Politics and government -- 1947
9 (RLIN) 14822
942 ## - ADDED ENTRY ELEMENTS (KOHA)
Source of classification or shelving scheme Dewey Decimal Classification
Koha item type English Books
Classification part 320.954
Call number suffix SAX
Holdings
Withdrawn status Lost status Damaged status Not for loan Home library Current library Date acquired Source of acquisition Cost, normal purchase price Total Checkouts Full call number Barcode Date last seen Copy number Cost, replacement price Price effective from Koha item type
        Central Library Central Library 11/06/2015 Cen Lib/Ret 0.00   320.954 SAX A-702339 11/06/2015 1 0.00 11/06/2015 English Books

© Delhi Public Library
Hit Counter
free hit counter